| 000 | 00782cab a2200229 4500 | ||
|---|---|---|---|
| 001 | WB2933-18 | ||
| 008 | 090401t1993 xxu||||| |||| 00| 0 eng d | ||
| 035 | _a(Sirsi) u17773 | ||
| 041 | _aeng | ||
| 245 | _aOrders for possession | ||
| 260 | _c1993 | ||
| 350 | _a0 | ||
| 490 |
_aEstates Gazette _v(9335) 4 September 1993, 120(1) |
||
| 520 | _aDiscusses "Dame Margaret Hungerford Charity Trustees v Beazeley" CA (1993), which concerned the reasonableness of an order for possession against protected tenants. | ||
| 650 | _aALTERNATIVE ACCOMMODATION | ||
| 650 | _aLISTED BUILDINGS | ||
| 650 | _aPROTECTED TENANTS | ||
| 650 | _aREPAIRS | ||
| 690 | _aPROPERTY-RESIDENTIAL PROPERTY-RESIDENTIAL LANDLORD AND TENANT-RESIDENTIAL TENANCIES | ||
| 942 | _n0 | ||
| 948 | _c04/03/1997 | ||
| 999 |
_c11789 _d11789 |
||